| 000 | 00628nam a22001937a 4500 | ||
|---|---|---|---|
| 999 |
_c6236 _d6236 |
||
| 003 | AR-CdUCM | ||
| 008 | 190314b ||||| |||| 00| 0 spa d | ||
| 040 |
_aMUNICIPALIDAD PROVINCIAL DEL CUSCO _cBIBLIOTECA MUNICIPAL DEL CUSCO |
||
| 082 |
_a862 / _bG68 |
||
| 100 |
_aGómez de la Serna, José _917967 |
||
| 245 | _aSelección de Romances Españoles / | ||
| 260 |
_aSantiago de Chile : _bEdiciones Ercilla ; _c1941. |
||
| 300 |
_a313 páginas ; _c18cm |
||
| 440 |
_aColección Biblioteca Clásica Amauta _917968 |
||
| 505 | _aContenido: Teatro | ||
| 650 |
_aLiteratura española _9193 |
||
| 942 |
_2ddc _cLIBROS |
||
| 945 | _anom | ||